000 00209nam a2200097Ia 4500
008 220204s9999 xx 000 0 und d
082 _a82-3
_bJAN
100 _aJanaki Raman
245 0 _aWooden cow
942 _cBK
999 _c34125
_d34125